|
|
|
|
| LEADER |
00000nam a2200000 4500 |
| 008 |
190219b2013 m ||||| |||| 00| 0 spa d |
| 999 |
|
|
|c 3656
|d 3656
|
| 090 |
|
|
|a 06.06.02
|b 2514
|
| 100 |
1 |
|
|9 245
|a Sánchez Olvera, Alma
|e Coordinador/a
|
| 245 |
1 |
0 |
|a Sujetos de la docencia: itinerarios, saberes e identidades /
|c Alma Rosa Sánchez Olvera, Ignacio Pineda Pineda (coodinadores)
|
| 260 |
|
|
|a México :
|b Universidad Nacional Autónoma de México,
|c 2013
|
| 300 |
|
|
|a 272 páginas
|
| 490 |
|
|
|a Estudios. Posgrado en pedagogía. Unam
|
| 650 |
1 |
4 |
|9 1928
|a SITUACIÓN DE LOS DOCENTES
|
| 650 |
1 |
4 |
|9 8
|a EDUCACIÓN SUPERIOR
|
| 700 |
|
|
|9 4485
|a Pineda Pineda, Ignacio
|e Coordinador/a
|
| 942 |
|
|
|i 004551
|h 06.06.02 2514
|2 z
|c 01
|